Loading...
Sahodaran K.Ayyappan
| Main Author: | |
|---|---|
| Format: | Printed Book |
| Published: |
Kottayam
Current Books
1989
|
| Subjects: |
| LEADER | 00433nam a22001337a 4500 | ||
|---|---|---|---|
| 082 | |a 923.254 83 |b SAN/S | ||
| 100 | |a Sanu,M.K. | ||
| 245 | |a Sahodaran K.Ayyappan | ||
| 260 | |a Kottayam |b Current Books |c 1989 | ||
| 300 | |a 419p. | ||
| 650 | |a Biography | ||
| 942 | |c BK | ||
| 999 | |c 94312 |d 94312 | ||
| 952 | |0 0 |1 0 |4 0 |6 923_254000000000000_83_SAN_S |7 0 |9 86880 |a SSS |b SSS |c MM |d 2011-06-21 |g 60.00 |l 1 |o 923.254 83 SAN/S |p SSS00971 |r 2015-05-07 |s 2015-02-10 |w 2016-10-27 |y BK | ||